Le diable et le bon Dieu : trois actes et onze tableaux /

Bibliographic Details
Main Author: Sartre, Jean-Paul, 1905-1980
Format: Book
Language:French
Published: [Paris] : Gallimard, 1951.
Series:Le livre de poche ; 367
Texte integral

MARC

Tag First Indicator Second Indicator Subfields
LEADER 00000cam a2200000 i 4500
001 in00000577771
005 20151014080018.0
008 801103s1951 fr 00010 fre d
035 |a (OCoLC)06896328 
035 |9 ACP8324AM 
040 |a TXU  |c TXU  |d TXA  |d UtOrBLW 
049 |a TXAM  |c [A10139696] 
090 |a PQ2637.A82  |b D5 1951b 
092 |a 842 
100 1 |a Sartre, Jean-Paul,  |d 1905-1980. 
245 1 3 |a Le diable et le bon Dieu :  |b trois actes et onze tableaux /  |c Jean-Paul Sartre. 
264 1 |a [Paris] :  |b Gallimard,  |c 1951. 
300 |a 241 pages ;  |c 19 cm. 
336 |a text  |b txt  |2 rdacontent 
337 |a unmediated  |b n  |2 rdamedia 
338 |a volume  |b nc  |2 rdacarrier 
490 0 |a Le livre de poche ;  |v 367 
490 0 |a Texte integral 
999 |a MARS 
999 f f |s a4dad08e-c9c3-3ec4-beef-07f6c973d4e5  |i 7440ef2d-e6e5-33c7-aa45-967a379569f7  |t 0 
952 f f |p ric  |a Texas A&M University  |b Rellis Campus  |c Joint Library Facility  |d Remote Storage  |t 0  |e PQ2637.A82 D5 1951b  |h Library of Congress classification  |i unmediated -- volume  |m A14810139696 
952 f f |p noncirc  |a Texas A&M University  |b College Station  |c Cushing Memorial Library & Archives  |d Cushing: Dawson French (Does not check out)  |t 0  |e PQ2637.A82 D5 1951b  |h Library of Congress classification  |i unmediated -- volume 
998 f f |a PQ2637.A82 D5 1951b  |t 0  |l Cushing: Dawson French (Does not check out) 
998 f f |a PQ2637.A82 D5 1951b  |t 0  |l Remote Storage